000
00251nam a22001217a 4500
008
180806b xxu||||| |||| 00| 0 eng d
041
_a
eng
080
_a
610.73
100
_a
1
101
_a
INF
245
_a
HELP!
_c
Vandenburg,M.L
942
_2
udc
_c
BK
999
_c
46878
_d
46878